| 000 | 00475nam a22001457a 4500 | ||
|---|---|---|---|
| 003 | SGT | ||
| 082 |
_a617.3 _bE24P |
||
| 100 | _aPRASAD, SHILPA | ||
| 245 | _aEFFECTS OF PRIMAL REFLEX RELEASE TECHNIQUE ON WORK-RELATED MUSCULOSKELETAL SHOULDER AND NECK PAIN, WORKING POSTURE, WORK PERFORMANCE AND QUALITY IF LIFE AMONG SWEEPER'S OF SGT UNIVERSITY | ||
| 260 |
_aGURUGRAM _bSGT UNIVERSITY _c2024 |
||
| 300 | _a144 | ||
| 650 | _aORTHOPEDICS | ||
| 653 | _aMPT | ||
| 942 |
_2ddc _cTH |
||
| 999 |
_c32229 _d32229 |
||